Historia universal : siglo de luces, revolución francesa y época en Napoleón

Enregistré dans:
Détails bibliographiques
Format: Livre
Langue:espagnol
Publié: Bilbao. Mensajero. 1986.
Sujets:
Tags: Ajouter un tag
Pas de tags, Soyez le premier à ajouter un tag!

MARC

LEADER 00000nam a22000005a 4500
001 20750
003 CL-ChBUA
005 20120815103756.0
008 070301s1986 sp 000 0dspa
040 |a CL-ChBUA  |c CL-ChBUA 
082 0 0 |a 944.04 
090 |c 20750  |d 20750 
245 1 0 |a Historia universal :  |b siglo de luces, revolución francesa y época en Napoleón 
260 |b Mensajero.  |a Bilbao.  |c 1986. 
300 |a 195 p.  |c 19 cm. 
504 |a Bibl., índice. 
650 4 |a REVOLUCION FRANCESA. 
650 4 |a HISTORIA UNIVERSAL. 
650 4 |a SIGLO DE LUCES. 
942 |c LIB 
952 |0 0  |1 0  |4 0  |7 0  |9 28201  |a UNACH  |b UNACH  |c 900  |d 2007-03-05  |i 39.506.  |l 0  |o 944.04 / H 673.  |p 29200  |r 2026-03-27 11:51:39  |u 28201  |w 2012-08-08  |y LIB  |k 944.04 / H 673. 
999 |c 20750  |d 20750